000
00304nam a22001337a 4500
008
170831b xxu||||| |||| 00| 0 eng d
020
_a
9780495050285
041
_a
eng
080
_2
7 ED
_a
070
100
_a
40
101
_a
MED
245
_a
PUBLIC RELATIONS CASSES
_c
HENDRIX.J.A
942
_2
udc
_c
BK
999
_c
25784
_d
25784